[Event "Moscow-chT"]
[Site "Moscow"]
[Date "2014.10.10"]
[Round "9.2"]
[White "Pipnikov, Nikolay"]
[Black "Okun, Evgeny"]
[Result "1/2-1/2"]
[WhiteElo "2321"]
[BlackElo "2121"]
[PlyCount "134"]
[EventDate "2014.09.27"]
[EventType "team-tourn"]
[EventRounds "11"]
[EventCountry "RUS"]
[SourceTitle "CBM 162 Extra"]
[Source "ChessBase"]
[SourceDate "2014.10.17"]
[SourceVersion "1"]
[SourceVersionDate "2014.10.17"]
[SourceQuality "1"]
[WhiteTeam "Navigator"]
[BlackTeam "Boavista"]
[WhiteTeamCountry "RUS"]
[BlackTeamCountry "RUS"]

1. d4 f5 2. c4 g6 3. h4 Nf6 4. h5 Nxh5 5. Rxh5 gxh5 6. e4 d6 7. Nc3 c6 8. e5 Bg7 9. Qxh5+ Kf8 10. Bh6 Rg8 11. 0-0-0 Qe8 12. Qh2 Qg6 13. Bf4 Nd7 14. Be2 dxe5 15. dxe5 h5 16. Nf3 Rh8 17. Nh4 Qe6 18. Qg3 Kf7 19. Nf3 Bh6 20. Bxh6 Qxh6+ 21. Ng5+ Kg6 22. e6 Qxg5+ 23. Qxg5+ Kxg5 24. exd7 Rd8 25. dxc8Q Rxd1+ 26. Kxd1 Rxc8 27. b4 Rd8+ 28. Ke1 e5 29. a4 a5 30. b5 h4 31. c5 Kf6 32. f3 Ke7 33. Kf2 Rd4 34. Ke3 Rb4 35. b6 Ke6 36. Bd3 Rb2 37. Bc4+ Ke7 38. Be2 Ke6 39. f4 Rb4 40. fxe5 Kxe5 41. Kd3 Rd4+ 42. Kc2 Rb4 43. Kd3 Rd4+ 44. Kc2 Rb4 45. Bf1 Kd4 46. Na2 Rxa4 47. Kb3 Rxa2 48. Kxa2 Kxc5 49. Kb3 Kxb6 50. Kc4 a4 51. Bd3 f4 52. Kb4 a3 53. Kxa3 Kc5 54. Bf5 b5 55. Kb3 Kd5 56. Bd7 Kd6 57. Bg4 c5 58. Be2 c4+ 59. Kb4 Ke5 60. Kc3 Ke4 61. Bf3+ Ke3 62. Bc6 Kf2 63. Kb4 Kg3 64. Kc3 f3 65. gxf3 h3 66. f4 Kxf4 67. Bxb5 Kg3 1/2-1/2

[Event "Moscow-chT"]
[Site "Moscow"]
[Date "2014.10.02"]
[Round "4.5"]
[White "Kovalev, Egor"]
[Black "Pipnikov, Nikolay"]
[Result "1-0"]
[WhiteElo "2209"]
[BlackElo "2321"]
[PlyCount "53"]
[EventDate "2014.09.27"]
[EventType "team-tourn"]
[EventRounds "11"]
[EventCountry "RUS"]
[SourceTitle "CBM 162 Extra"]
[Source "ChessBase"]
[SourceDate "2014.10.17"]
[SourceVersion "1"]
[SourceVersionDate "2014.10.17"]
[SourceQuality "1"]
[WhiteTeam "Moscow Youth"]
[BlackTeam "Navigator"]
[WhiteTeamCountry "RUS"]
[BlackTeamCountry "RUS"]

1. Nf3 Nf6 2. g3 g6 3. Bg2 Bg7 4. d4 0-0 5. 0-0 d6 6. Nc3 c6 7. e4 Bg4 8. h3 Bxf3 9. Qxf3 e5 10. dxe5 dxe5 11. Rd1 Qe7 12. a4 Na6 13. b3 Rfd8 14. Ba3 Rxd1+ 15. Nxd1 Qe6 16. Ne3 Rd8 17. Rd1 Rd4 18. c3 Rd7 19. Bf1 Qxb3 20. Rxd7 Nxd7 21. Bc4 Qb1+ 22. Kh2 Bf6 23. Ng4 b5 24. Nxf6+ Nxf6 25. Qxf6 bxc4 26. Qd8+ Kg7 27. Bf8+ 1-0

[Event "Moscow-chT"]
[Site "Moscow"]
[Date "2014.09.27"]
[Round "1.2"]
[White "Pipnikov, Nikolay"]
[Black "Krylov, Ivan"]
[Result "1-0"]
[WhiteElo "2321"]
[BlackElo "2239"]
[PlyCount "107"]
[EventDate "2014.09.27"]
[EventType "team-tourn"]
[EventRounds "11"]
[EventCountry "RUS"]
[SourceTitle "CBM 162 Extra"]
[Source "ChessBase"]
[SourceDate "2014.10.17"]
[SourceVersion "1"]
[SourceVersionDate "2014.10.17"]
[SourceQuality "1"]
[WhiteTeam "Navigator"]
[BlackTeam "MSU"]
[WhiteTeamCountry "RUS"]
[BlackTeamCountry "RUS"]

1. d4 Nf6 2. Nf3 g6 3. c4 Bg7 4. Nc3 0-0 5. e4 d6 6. h3 Qe8 7. Be2 e5 8. d5 Nh5 9. g3 f5 10. exf5 gxf5 11. Nh4 Nf6 12. f4 exf4 13. Bxf4 Ne4 14. 0-0 Bxc3 15. Bh5 Qe7 16. bxc3 Qg7 17. Qd4 Nxc3 18. Qxg7+ Kxg7 19. Rae1 Ne4 20. g4 Na6 21. gxf5 Nac5 22. Kh2 Bxf5 23. Nxf5+ Rxf5 24. Bh6+ Kxh6 25. Rxf5 Rg8 26. Bf3 Nd2 27. Rh5+ Kg7 28. Bg2 Nxc4 29. Re7+ Kf6 30. Rhxh7 Ne5 31. Rxc7 Rg6 32. Rc8 Ned3 33. Rf8+ Ke5 34. Rh5+ Kd4 35. Rh4+ Kc3 36. Rg4 Rh6 37. h4 b5 38. Kg3 a5 39. Rg7 Ne5 40. Kh3 b4 41. Rg3+ Ned3 42. Rff3 Kd2 43. Bf1 Ne5 44. Rf2+ Ke1 45. Rf5 a4 46. Bb5 Rg6 47. Rxe5+ dxe5 48. Rxg6 e4 49. h5 b3 50. Bxa4 b2 51. Bc2 e3 52. h6 e2 53. h7 Kf1 54. Kh2 1-0

[Event "Izhevsk Corporation Cup 5th"]
[Site "Izhevsk"]
[Date "2013.07.12"]
[Round "1"]
[White "Pipnikov, Nikolay"]
[Black "Askerov, Marat"]
[Result "1-0"]
[WhiteElo "2324"]
[BlackElo "2005"]
[PlyCount "69"]
[EventDate "2013.07.11"]
[EventType "swiss"]
[EventRounds "9"]
[EventCountry "RUS"]
[SourceTitle "EXT 2014"]
[Source "ChessBase"]
[SourceDate "2013.11.20"]
[SourceVersion "1"]
[SourceVersionDate "2013.11.20"]
[SourceQuality "1"]

1. d4 Nf6 2. Nf3 e6 3. Bg5 c5 4. e3 h6 5. Bh4 b6 6. Nbd2 Bb7 7. Bd3 Be7 8. c3 0-0 9. 0-0 cxd4 10. exd4 Nc6 11. Qe2 Nd5 12. Bg3 f5 13. h3 Rc8 14. Rae1 Bf6 15. Ne5 Bg5 16. Ndc4 Nxe5 17. dxe5 Rxc4 18. Bxc4 f4 19. Bd3 fxg3 20. fxg3 Rxf1+ 21. Rxf1 Ne3 22. Rf2 Nf5 23. Bxf5 exf5 24. Qc4+ Kh8 25. Rxf5 Qe7 26. h4 Bc1 27. b4 Be3+ 28. Kh2 a6 29. Qd3 Bc1 30. Qf1 Bb2 31. Rf8+ Kh7 32. Qf5+ g6 33. Rf7+ Kh8 34. Qxg6 Be4 35. Qg7# 1-0

[Event "Voronezh op-A 17th"]
[Site "Voronezh"]
[Date "2013.06.18"]
[Round "6"]
[White "Grigorjev, Iljya"]
[Black "Pipnikov, Nikolay"]
[Result "1/2-1/2"]
[WhiteElo "2167"]
[BlackElo "2324"]
[PlyCount "126"]
[EventDate "2013.06.12"]
[EventType "swiss"]
[EventRounds "9"]
[EventCountry "RUS"]
[SourceTitle "EXT 2014"]
[Source "ChessBase"]
[SourceDate "2013.11.20"]
[SourceVersion "1"]
[SourceVersionDate "2013.11.20"]
[SourceQuality "1"]

1. e4 e6 2. d4 d5 3. Nd2 Nf6 4. e5 Nfd7 5. Bd3 c5 6. c3 Nc6 7. Ne2 cxd4 8. cxd4 f6 9. exf6 Nxf6 10. Nf3 Bd6 11. 0-0 0-0 12. Bf4 Bxf4 13. Nxf4 Ne4 14. Ne2 Rxf3 15. gxf3 Ng5 16. Kh1 e5 17. dxe5 Nxe5 18. Ng1 Qf6 19. Be2 Be6 20. Qd4 Rf8 21. Rac1 Ng6 22. Qxf6 Rxf6 23. Rfd1 Nf4 24. Rc7 Bh3 25. Bf1 Bxf1 26. Rxf1 Rb6 27. b3 d4 28. Rd7 Nge6 29. Rd1 Rb4 30. Rd2 d3 31. R7xd3 Nxd3 32. Rxd3 Kf7 33. Ne2 g5 34. Rd7+ Kg6 35. Rd6 Kf5 36. Rd5+ Kf6 37. Rd7 h5 38. Nc3 Rd4 39. Ne4+ Kg6 40. Rxd4 Nxd4 41. Kg2 b5 42. Nc5 Kf5 43. Nd3 h4 44. Nc5 a5 45. Nb7 a4 46. bxa4 bxa4 47. a3 Ne6 48. Nd6+ Kf4 49. Nb5 Nc5 50. Nc3 Nd3 51. Ne2+ Ke5 52. Nc3 Ne1+ 53. Kf1 Nxf3 54. Kg2 Ne1+ 55. Kf1 Nc2 56. Nxa4 h3 57. Nc3 Nxa3 58. Ne2 Ke4 59. Ng1 g4 60. f3+ gxf3 61. Nxh3 Nc4 62. Ng5+ Kf4 63. Nxf3 Kxf3 1/2-1/2

[Event "Voronezh op-A 17th"]
[Site "Voronezh"]
[Date "2013.06.12"]
[Round "1"]
[White "Pipnikov, Nikolay"]
[Black "Fedorov, Alexei"]
[Result "1/2-1/2"]
[WhiteElo "2320"]
[BlackElo "2592"]
[PlyCount "95"]
[EventDate "2013.06.12"]
[EventType "swiss"]
[EventRounds "9"]
[EventCountry "RUS"]
[SourceTitle "CBM 155 Extra"]
[Source "ChessBase"]
[SourceDate "2013.08.26"]
[SourceVersion "1"]
[SourceVersionDate "2013.08.26"]
[SourceQuality "1"]

1. d4 Nf6 2. Nf3 g6 3. c4 Bg7 4. Nc3 d6 5. e4 0-0 6. h3 e5 7. d5 a5 8. Be3 Na6 9. Bd3 Nh5 10. Qd2 f5 11. g3 f4 12. gxf4 Nxf4 13. Bf1 Nc5 14. 0-0-0 Bd7 15. Kb1 b6 16. Rg1 Nxh3 17. Bxh3 Rxf3 18. Bg4 Bxg4 19. Rxg4 Nd7 20. Rh1 Rf7 21. Ne2 Nf6 22. Rgh4 Qe7 23. Ng3 Qd7 24. Qe2 h5 25. f3 Nh7 26. Qg2 Kh8 27. R4h3 Bf6 28. Ne2 Rg7 29. Rg3 h4 30. Rg4 g5 31. Ng1 Rag8 32. Nh3 Qd8 33. Rg1 Qe7 34. Qd2 Qf7 35. R1g2 Be7 36. Qf2 Bd8 37. a4 Be7 38. b3 Rg6 39. Kb2 R6g7 40. Kc2 Bd8 41. Kd3 Bf6 42. Ke2 Be7 43. Qg1 Rf8 44. Qf2 Qh5 45. Qg1 Qf7 46. Qf2 Qh5 47. Qg1 Qf7 48. Ke1 1/2-1/2

[Event "Moscow-ch sf"]
[Site "Moscow"]
[Date "2010.03.14"]
[Round "6"]
[White "Pipnikov, Nikolay"]
[Black "Kolmakov, Pavel"]
[Result "1-0"]
[WhiteElo "2347"]
[BlackElo "2185"]
[PlyCount "93"]
[EventDate "2010.03.06"]
[EventType "swiss"]
[EventRounds "9"]
[EventCountry "RUS"]
[SourceTitle "CBM 135 Extra"]
[Source "ChessBase"]
[SourceDate "2010.05.04"]
[SourceVersion "1"]
[SourceVersionDate "2010.05.04"]
[SourceQuality "1"]

1. d4 Nf6 2. Nf3 d5 3. Bf4 c6 4. e3 Bf5 5. Nbd2 e6 6. c4 Bd6 7. Bg5 Nbd7 8. Qb3 Qb8 9. cxd5 exd5 10. Bd3 Ne4 11. Qc2 Nxg5 12. Bxf5 Nxf3+ 13. Nxf3 Bb4+ 14. Ke2 Nf6 15. g4 g6 16. g5 Ng8 17. Bd3 Bd6 18. h4 Ne7 19. h5 Qc7 20. Rh3 Rf8 21. hxg6 hxg6 22. a3 0-0-0 23. b4 Rh8 24. Rah1 Rxh3 25. Rxh3 a5 26. Rh7 Rf8 27. Qc3 axb4 28. axb4 Qb6 29. b5 Kd7 30. bxc6+ bxc6 31. Qc2 Ke6 32. Nh4 Rb8 33. Kf1 Rf8 34. Kg2 c5 35. dxc5 Qxc5 36. Qa4 Qb4 37. Qd1 Kd7 38. Be2 Ke8 39. Qa1 Qa3 40. Bb5+ Kd8 41. Qg7 Nc8 42. Nxg6 Qb4 43. Rh4 Qxb5 44. Nxf8 d4 45. Ne6+ Ke7 46. Qf6+ Kd7 47. Nxd4 1-0

[Event "Anapa U18"]
[Site "Anapa"]
[Date "2007.08.??"]
[Round "5"]
[White "Pipnikov, Nikolay"]
[Black "Chaban, Alexander"]
[Result "1-0"]
[WhiteElo "2200"]
[BlackElo "2066"]
[PlyCount "107"]
[EventDate "2007.08.25"]
[EventType "swiss"]
[EventRounds "9"]
[EventCountry "RUS"]
[SourceTitle "EXT 2022"]
[Source "ChessBase"]
[SourceDate "2021.10.06"]
[SourceVersion "1"]
[SourceVersionDate "2021.10.06"]
[SourceQuality "1"]

1. d4 Nf6 2. Nf3 g6 3. c4 Bg7 4. Nc3 0-0 5. e4 d6 6. h3 e5 7. d5 a5 8. Be3 Na6 9. Bd3 Nc5 10. Bc2 Ne8 11. g4 c6 12. dxc6 Be6 13. Bxc5 dxc5 14. Qxd8 Rxd8 15. cxb7 Rb8 16. 0-0-0 Bxc4 17. b3 Be6 18. Na4 Rxb7 19. Nxc5 Rc7 20. Nxe6 fxe6 21. Rd3 Nd6 22. Rxd6 Rxf3 23. Kb1 Rxf2 24. Bd3 Rd2 25. Rd8+ Kf7 26. Rf1+ Ke7 27. Rg8 Bh6 28. Bc4 Rd4 29. Ra8 Rb7 30. Ba6 Rc7 31. Bb5 Bd2 32. Re8+ Kd6 33. Bc4 Re7 34. Ra8 Rxe4 35. Ra6+ Kc5 36. Kc2 Rd4 37. Rf2 Red7 38. Rxe6 Bf4 39. Kc3 R4d6 40. Re8 Rd1 41. Re2 Rh1 42. R8xe5+ Bxe5+ 43. Rxe5+ Kb6 44. Rb5+ Kc7 45. Rxa5 Rxh3+ 46. Kb4 Rh4 47. g5 Rd8 48. a4 Rb8+ 49. Kc5 Rg4 50. Bd5 Rc8 51. Rb5 Kd7+ 52. Kb6 Kd6 53. Kb7 Rc1 54. a5 1-0

[Event "Anapa U18"]
[Site "Anapa"]
[Date "2007.08.??"]
[Round "7"]
[White "Pipnikov, Nikolay"]
[Black "Gusarov, Grigory"]
[Result "1/2-1/2"]
[WhiteElo "2200"]
[BlackElo "2153"]
[PlyCount "95"]
[EventDate "2007.08.25"]
[EventType "swiss"]
[EventRounds "9"]
[EventCountry "RUS"]
[SourceTitle "EXT 2022"]
[Source "ChessBase"]
[SourceDate "2021.10.06"]
[SourceVersion "1"]
[SourceVersionDate "2021.10.06"]
[SourceQuality "1"]

1. Nf3 Nf6 2. g3 d5 3. c4 c6 4. b3 Bf5 5. Bg2 e6 6. 0-0 h6 7. Bb2 Be7 8. d4 Nbd7 9. Ne5 0-0 10. Nd2 Qc7 11. Nxd7 Qxd7 12. e3 Rac8 13. Qe2 Rfd8 14. Rad1 Qc7 15. c5 b6 16. b4 a5 17. a3 axb4 18. axb4 bxc5 19. bxc5 Qb7 20. Bc3 Ra8 21. Ra1 Rxa1 22. Rxa1 Ra8 23. Qd1 Bd8 24. Bf1 Ne4 25. Nxe4 Bxe4 26. f3 Rxa1 27. Bxa1 Qb1 28. Be2 Bd3 29. Qxb1 Bxb1 30. Bd1 Bd3 31. Ba4 Bb5 32. Bxb5 cxb5 33. Bc3 Kf8 34. Kf1 Ke8 35. g4 Kd7 36. Ke2 g6 37. Be1 Kc6 38. Kd3 Be7 39. h4 h5 40. g5 Bd8 41. f4 Bc7 42. Kc2 Bd8 43. Kb3 Bc7 44. Kb4 Bd8 45. Bf2 Bc7 46. Bg3 Bb8 47. Bf2 Bc7 48. Be1 1/2-1/2

[Event "Anapa U18"]
[Site "Anapa"]
[Date "2007.08.??"]
[Round "9"]
[White "Potapov, Pavel"]
[Black "Pipnikov, Nikolay"]
[Result "1-0"]
[WhiteElo "2386"]
[BlackElo "2200"]
[PlyCount "100"]
[EventDate "2007.08.25"]
[EventType "swiss"]
[EventRounds "9"]
[EventCountry "RUS"]
[SourceTitle "EXT 2022"]
[Source "ChessBase"]
[SourceDate "2021.10.06"]
[SourceVersion "1"]
[SourceVersionDate "2021.10.06"]
[SourceQuality "1"]

1. e4 c6 2. d4 g6 3. Nf3 d5 4. Nbd2 Bg7 5. h3 Nd7 6. Bd3 dxe4 7. Nxe4 Ngf6 8. 0-0 0-0 9. Nxf6+ Nxf6 10. Re1 b6 11. Bf4 Bb7 12. Be5 Bh6 13. Qe2 Nd7 14. Bg3 e6 15. Rad1 Qc8 16. Nd2 Bxd2 17. Qxd2 c5 18. Qh6 c4 19. Be4 Nf6 20. Be5 Ne8 21. d5 exd5 22. Bxd5 Bxd5 23. Rxd5 f6 24. Bc3 Rf7 25. Qd2 Kg7 26. g4 h6 27. Re4 Qc6 28. Re3 b5 29. Qd4 a5 30. Rd8 Rxd8 31. Qxd8 Nc7 32. Re7 b4 33. Rxf7+ Kxf7 34. Bxf6 Nd5 35. Be5 Qe6 36. Qb8 a4 37. Qa7+ Ne7 38. Bg3 b3 39. axb3 axb3 40. cxb3 cxb3 41. Qc7 Qc6 42. Qf4+ Qf6 43. Qc4+ Qe6 44. Qc3 h5 45. Qf3+ Kg8 46. gxh5 gxh5 47. Qxh5 Nf5 48. Qg5+ Kf7 49. h4 Qd5 50. Qh5+ Kf8 1-0

[Event "Doroshkevich Memorial op"]
[Site "Belorechensk"]
[Date "2007.06.04"]
[Round "7"]
[White "Skorchenko, Dmitry"]
[Black "Pipnikov, Nikolay"]
[Result "1/2-1/2"]
[WhiteElo "2463"]
[BlackElo "2182"]
[PlyCount "80"]
[EventDate "2007.05.29"]
[EventType "swiss"]
[EventRounds "9"]
[EventCountry "RUS"]
[SourceTitle "EXT 2008"]
[Source "ChessBase"]
[SourceDate "2007.11.25"]
[SourceVersion "1"]
[SourceVersionDate "2007.11.25"]
[SourceQuality "1"]

1. e4 e6 2. Nf3 d5 3. Nc3 Nf6 4. e5 Nfd7 5. d4 c5 6. dxc5 Nc6 7. Bf4 Bxc5 8. Bd3 f6 9. exf6 Nxf6 10. Qe2 0-0 11. 0-0-0 a6 12. Kb1 Bb4 13. Ne5 Bxc3 14. bxc3 Qa5 15. Bd2 d4 16. Nc4 Qc5 17. cxd4 Nxd4 18. Qe5 Nd5 19. Qd6 Qxd6 20. Nxd6 Rd8 21. Ne4 Nf6 22. Bg5 Kf7 23. c3 Nc6 24. Bc2 Nxe4 25. Bxe4 Rxd1+ 26. Rxd1 h6 27. Bh4 e5 28. Rd6 Be6 29. Bg3 Ke7 30. Rd2 Rc8 31. Re2 b5 32. h4 Kf6 33. f3 Bf5 34. h5 Re8 35. Kb2 Bxe4 36. Rxe4 Na5 37. Rg4 Nc4+ 38. Kb3 e4 39. fxe4 Rxe4 40. Rxe4 Nd2+ 1/2-1/2

[Event "RUS-ch 60th zt"]
[Site "Rostov on Don"]
[Date "2007.03.??"]
[Round "4"]
[White "Pipnikov, Nikolay"]
[Black "Denisenko, Denis"]
[Result "0-1"]
[WhiteElo "2182"]
[BlackElo "2216"]
[PlyCount "60"]
[EventDate "2007.03.16"]
[EventType "swiss"]
[EventRounds "9"]
[EventCountry "RUS"]
[SourceTitle "EXT 2022"]
[Source "ChessBase"]
[SourceDate "2021.10.06"]
[SourceVersion "1"]
[SourceVersionDate "2021.10.06"]
[SourceQuality "1"]

1. d4 e6 2. c4 b6 3. Nc3 Bb7 4. e4 Bb4 5. f3 f5 6. exf5 Nh6 7. fxe6 Nf5 8. Bf4 0-0 9. Qd2 dxe6 10. 0-0-0 a5 11. a3 Be7 12. Nge2 Ba6 13. Qd3 Nd7 14. Qe4 Bxc4 15. d5 Bb3 16. Qxe6+ Kh8 17. Rd2 Rf6 18. Qe4 Nc5 19. Qb1 Bc4 20. Kd1 Nb3 21. Ng3 Nxd2 22. Bxd2 Bxf1 23. Nxf5 Bxg2 24. Rg1 Qf8 25. Ng3 Bxf3+ 26. Kc1 Bc5 27. Rf1 Re8 28. Qc2 Be3 29. Qd3 Bxd2+ 30. Qxd2 Qc5 0-1

[Event "RUS-ch U14"]
[Site "Dagomys"]
[Date "2004.04.??"]
[Round "5"]
[White "Kosov, Ivan"]
[Black "Pipnikov, Nikolay"]
[Result "0-1"]
[WhiteElo "2194"]
[BlackElo "2110"]
[PlyCount "56"]
[EventDate "2004.04.??"]
[EventType "swiss"]
[EventRounds "10"]
[EventCountry "RUS"]
[SourceTitle "EXT 2005"]
[Source "ChessBase"]
[SourceDate "2004.11.15"]
[SourceVersion "1"]
[SourceVersionDate "2004.11.15"]
[SourceQuality "1"]

1. e4 c6 2. Nf3 d5 3. Nc3 Bg4 4. h3 Bxf3 5. Qxf3 dxe4 6. Nxe4 e6 7. d3 Nd7 8. Bf4 Nc5 9. g4 Nf6 10. Bg2 Nfxe4 11. dxe4 Be7 12. 0-0 0-0 13. Qg3 Qd4 14. Be5 Qc4 15. Rfc1 Nxe4 16. Qf4 f5 17. b3 Qc5 18. b4 Qb6 19. gxf5 exf5 20. Bc7 Bg5 21. Qxe4 fxe4 22. Bxb6 Bxc1 23. Bc5 Bd2 24. Bxf8 Rxf8 25. Bxe4 Bxb4 26. f3 Rd8 27. Rb1 Bc5+ 28. Kf1 Bb6 0-1